000 00557nam a22001817a 4500
003 SISC
005 20170710165411.0
008 170710b xxu||||| |||| 00| 0 eng d
020 _a9718563121
050 _aG 153
_b.K52 2002
100 _aKing, David.
245 _aPhilippines travel companion :
_byour practical reference to discovering the best of our 7,107 islands /
_cDavid King.
260 _a[Manila]:
_bWorldlink Books,
_c2002.
300 _a102 pages :
_billustrations ;
_c21.5 cm.
650 _aTravel.
650 _aTourism.
942 _2lcc
_cBK
999 _c338506
_d338506